00733nam a2200205 i 4500001001000000003000900010005001700019007000300036008004100039040003000080082001400110100004300124245004400167264005200211300003900263336002700302337003300329338002800362500013700390000031742DO-SdBNP20240305122052.0ta110701q1972 dr c 000 | spa d aDO-SdBNPbspacBNPHUerda bH565m2221 aHerrera, César A.,d1910-1988eautor10aMáximo Gómez /cCésar A. Herrera. aSanto Domingo :beditor no identificado,c1972. a24 páginas :bretratos ;c21 cm. 2rdacontentatextobtxt 2rdamediaasin mediaciónbn 2rdacarrieravolumenbnc aDiscurso pronunciado en la inauguración de la estatua del libertador en la ciudad de Santo Domingo, el día 20 de agosto de 1972.